Entre la pena y la nada /

Збережено в:
Бібліографічні деталі
Автор: Hernández Viveros, Raúl (autor)
Формат: Книга
Мова:Іспанська
Опубліковано: México : Leega, 1984, c1984
Предмети:
Теги: Додати тег
Немає тегів, Будьте першим, хто поставить тег для цього запису!

MARC

LEADER 00000nam^a2200000^a^4500
001 000023426
005 20250521000000.0
009 20260310084532.847
020 |a 968-495-013-6 
037 |a Acervo ITESO - Biblioteca 
041 |a ESP 
082 |a 863.  |b HER 
100 |a Hernández Viveros, Raúl  |e (autor) 
245 1 0 |a Entre la pena y la nada /  |c R. Hernández Viveros. 
264 4 |a México :  |b Leega,  |c 1984, c1984 
300 |a 197 p. 
336 |a texto  |b txt  |2 rdacontenido 
337 |a sin mediación  |b n  |2 rdamedio 
338 |a volumen  |b nc  |2 rdasoporte 
649 |a XX 
650 |a Novela Mexicana 
650 |a Literatura Mexicana -  |y Siglo XX 
650 |a Literatura Policíaca y de Misterio -  |z México 
910 |a Fondo General 
920 |a Impresos - Libros 
930 |a Colección General 
940 |a Literatura 
905 |a 101 
901 |a 0234260100  |b IT1  |c LIT  |i 023426  |u 20250521 
902 |a https://opac.biblio.iteso.mx/vufind/Record/000023426